000
00276nam a2200121Ia 4500
008
190216s9999||||xx |||||||||||||| ||und||
100
_a
Aldous Huxley
245
0
_a
Eyeless In Gaza
260
_b
Penguin Books
_c
1968
300
_a
399p
650
_a
English Novel
942
_c
BK
999
_c
12240
_d
12240